000 002920000a22001330004500
003 MACL
040 _aMACL
090 _c32290
_d32288
100 _aThompson, J M
245 _aThe French Revolution
260 _bSurjeet Publications
_c1997
650 _aSociology
942 _cBOOK
_k303.64/THO
999 _c31961
_d31961